<?xml version="1.0" encoding="UTF-8"?>
<record
    xmlns:xsi="http://www.w3.org/2001/XMLSchema-instance"
    xsi:schemaLocation="http://www.loc.gov/MARC21/slim http://www.loc.gov/standards/marcxml/schema/MARC21slim.xsd"
    xmlns="http://www.loc.gov/MARC21/slim">

  <leader>01045nam a2200253 a 4500</leader>
  <controlfield tag="001">57071</controlfield>
  <controlfield tag="003">BD-RjUL</controlfield>
  <controlfield tag="005">20211209080450.0</controlfield>
  <controlfield tag="008">161205s1966    bg ||||| |||| 00| 0 ben d</controlfield>
  <datafield tag="020" ind1=" " ind2=" ">
    <subfield code="c">: TK 3.00 </subfield>
  </datafield>
  <datafield tag="035" ind1=" " ind2=" ">
    <subfield code="a">(BD-RjUL)57195</subfield>
  </datafield>
  <datafield tag="040" ind1=" " ind2=" ">
    <subfield code="a">BD-RjUL</subfield>
    <subfield code="b">ben </subfield>
    <subfield code="c">BD-RjUL</subfield>
  </datafield>
  <datafield tag="041" ind1=" " ind2=" ">
    <subfield code="a">ben </subfield>
  </datafield>
  <datafield tag="082" ind1=" " ind2=" ">
    <subfield code="2">23 </subfield>
    <subfield code="a">294.3 </subfield>
    <subfield code="b">MAA 1966 </subfield>
  </datafield>
  <datafield tag="100" ind1=" " ind2=" ">
    <subfield code="a">&#x9AE;&#x9B9;&#x9BE;&#x9B8;&#x9CD;&#x9A5;&#x9AC;&#x9BF;&#x9B0;, &#x9B6;&#x9C0;&#x9B2;&#x9BE;&#x9B2;&#x9B8;&#x9CD;&#x995;&#x9BE;&#x9B0; </subfield>
    <subfield code="9">169551</subfield>
  </datafield>
  <datafield tag="245" ind1="1" ind2="0">
    <subfield code="a">&#x986;&#x9A8;&#x9A8;&#x9CD;&#x9A6; / </subfield>
    <subfield code="c">&#x9B6;&#x9C0;&#x9B2;&#x9BE;&#x9B2;&#x9B8;&#x9CD;&#x995;&#x9BE;&#x9B0; &#x9AE;&#x9B9;&#x9BE;&#x9B8;&#x9CD;&#x9A5;&#x9AC;&#x9BF;&#x9B0; </subfield>
  </datafield>
  <datafield tag="260" ind1=" " ind2=" ">
    <subfield code="a">&#x99A;&#x99F;&#x9CD;&#x9B0;&#x997;&#x9CD;&#x9B0;&#x9BE;&#x9AE; :</subfield>
    <subfield code="b">&#x99C;&#x9CD;&#x99E;&#x9BE;&#x9A8;&#x9B6;&#x9CD;&#x9B0;&#x9C0; &#x9B8;&#x9CD;&#x9A5;&#x9AC;&#x9BF;&#x9B0;, </subfield>
    <subfield code="c">&#x9E7;&#x9EF;&#x9EC;&#x9EC; [&#x9E7;&#x9E9;&#x9ED;&#x9E9;] </subfield>
  </datafield>
  <datafield tag="300" ind1=" " ind2=" ">
    <subfield code="a">&#x9E8;&#x9EC;&#x9E6; &#x9AA;&#x9C3;. ; </subfield>
    <subfield code="c">&#x9E8;&#x9E9; &#x9B8;&#x9C7;&#x9AE;&#x9BF;. </subfield>
  </datafield>
  <datafield tag="490" ind1=" " ind2=" ">
    <subfield code="a">&#x9A4;&#x9CD;&#x9B0;&#x9BF;&#x9AA;&#x9BF;&#x99F;&#x995; &#x9AA;&#x9CD;&#x9B0;&#x99A;&#x9BE;&#x9B0; &#x9AC;&#x9CB;&#x9B0;&#x9CD;&#x9A1;-&#x997;&#x9CD;&#x9B0;&#x9A8;&#x9CD;&#x9A5;&#x9AE;&#x9BE;&#x9B2;&#x9BE; &#x9EA; </subfield>
  </datafield>
  <datafield tag="650" ind1=" " ind2=" ">
    <subfield code="a">&#x9AC;&#x9C1;&#x9A6;&#x9CD;&#x9A7;&#x9A4;&#x9CD;&#x9A4;&#x9CD;&#x9AC;&#x9AC;&#x9BE;&#x9A6; </subfield>
    <subfield code="9">169250</subfield>
  </datafield>
  <datafield tag="650" ind1=" " ind2=" ">
    <subfield code="a">Buddism </subfield>
    <subfield code="9">169552</subfield>
  </datafield>
  <datafield tag="856" ind1=" " ind2=" ">
    <subfield code="3">&#x9A4;&#x9CD;&#x9B0;&#x9BF;&#x9AA;&#x9BF;&#x99F;&#x995; &#x9AA;&#x9CD;&#x9B0;&#x99A;&#x9BE;&#x9B0; &#x9AC;&#x9CB;&#x9B0;&#x9CD;&#x9A1;-&#x997;&#x9CD;&#x9B0;&#x9A8;&#x9CD;&#x9A5;&#x9AE;&#x9BE;&#x9B2;&#x9BE; &#x9EA; </subfield>
  </datafield>
  <datafield tag="942" ind1=" " ind2=" ">
    <subfield code="2">ddc</subfield>
    <subfield code="c">BK</subfield>
  </datafield>
  <datafield tag="999" ind1=" " ind2=" ">
    <subfield code="c">57071</subfield>
    <subfield code="d">57071</subfield>
  </datafield>
  <datafield tag="952" ind1=" " ind2=" ">
    <subfield code="0">0</subfield>
    <subfield code="1">0</subfield>
    <subfield code="2">ddc</subfield>
    <subfield code="4">0</subfield>
    <subfield code="7">1</subfield>
    <subfield code="8">NFIC</subfield>
    <subfield code="a">RUCL</subfield>
    <subfield code="b">RUCL</subfield>
    <subfield code="c">Reading</subfield>
    <subfield code="d">1967-04-20</subfield>
    <subfield code="e">Lekhok,</subfield>
    <subfield code="l">0</subfield>
    <subfield code="o">B 294.3  MAA 1966</subfield>
    <subfield code="r">2016-12-05 00:00:00</subfield>
    <subfield code="t">C-1</subfield>
    <subfield code="w">2016-12-05</subfield>
    <subfield code="y">BK</subfield>
  </datafield>
</record>
